Statistics for Most Populated Cities in Iran

Click here to take the quiz!

General Stats

  • This quiz has been taken 16 times
  • The average score is 7 of 10

Answer Stats

PopulationAnswer% Correct
7,153,309Tehran
100%
1,547,164Isfahan
93%
2,307,177Mashhad
93%
1,249,942Shiraz
93%
1,424,641Tabriz
93%
900,000Qom
87%
841,145Ahvāz
67%
1,448,075Karaj
60%
766,706Kahrīz
7%
787,878Pasragad Branch
7%

Score Distribution

Percentile by Number Answered

Percent of People with Each Score

Your Score History

You have not taken this quiz